Central Library OPAC University of Rajshahi
Normal view MARC view

Entry Topical Term

Number of records used in: 2

001 - CONTROL NUMBER

  • control field: 10990

003 - CONTROL NUMBER IDENTIFIER

  • control field: BD-RjUL

005 - DATE AND TIME OF LATEST TRANSACTION

  • control field: 20240122095754.0

008 - FIXED-LENGTH DATA ELEMENTS

  • fixed length control field: 240122|| aca||aabn | a|a d

040 ## - CATALOGING SOURCE

  • Original cataloging agency: BD-RjUL
  • Transcribing agency: BD-RjUL

150 ## - HEADING--TOPICAL TERM

  • Topical term or geographic name entry element: Teaching Urdu

670 ## - SOURCE DATA FOUND

  • Source citation: Work cat.: (BD-RjUL)82708: شہاب الدین, قاضی محمد =শেহাবুদ্দিন, কাজি মুহাম্মদ= Shehabuddin, Qazi Md. 10989, بنگلہ اردو ٹیچر = বাংলা-উর্দ্দূ টিচার্স=Bengali-Urdu Teacher /, 1963